[Event "Laval op"]
[Site "Laval CAN"]
[Date "2016.06.24"]
[Round "3.14"]
[White "Lafleche, Alain"]
[Black "Agnaieff, Vladimir"]
[Result "0-1"]
[WhiteElo "1719"]
[BlackElo "1830"]
[PlyCount "134"]
[EventDate "2016.06.23"]
[EventType "swiss"]
[EventRounds "7"]
[EventCountry "CAN"]

1. e4 e5 2. Nf3 Nf6 3. Nxe5 d6 4. Nf3 Nxe4 5. Qe2 Qe7 6. d3 Nc5 7. Nc3 c6 8.
Bg5 f6 9. Be3 Bg4 10. h3 Bh5 11. g4 Bf7 12. Bg2 Nbd7 13. O-O-O O-O-O 14. Rhe1
Re8 15. Nd4 Qd8 16. Qd2 Nb6 17. Bf4 Ne6 18. Nxe6 Rxe6 19. Rxe6 Bxe6 20. Re1 Bf7
21. Qe3 d5 22. Qg3 Bc5 23. g5 Re8 24. Rxe8 Qxe8 25. Kd2 f5 26. h4 d4 27. Nd1
Na4 28. a3 a5 29. Be5 Bh5 30. f3 Qd7 31. Qf4 Nb6 32. Bh3 g6 33. c3 Nd5 34. Qg3
dxc3+ 35. Nxc3 b5 36. d4 Nxc3 37. bxc3 Bxa3 38. Bf1 Qd5 39. Ke3 Bc1+ 40. Kf2 a4
41. Bb8 Qxf3+ 42. Qxf3 Bxf3 43. Bd6 Be4 44. c4 a3 45. Bxa3 Bxa3 46. cxb5 c5 47.
dxc5 Bxc5+ 48. Kg3 Be3 49. Be2 Kd7 50. h5 Bxg5 51. hxg6 hxg6 52. Bc4 Be3 53.
Be2 g5 54. Bf1 Kd6 55. Be2 Ke5 56. Bf1 Bb6 57. Be2 Kd4 58. Bh5 Bd3 59. Be8 Kc5
60. Bd7 Kd4 61. Bc6 Ke3 62. Bd7 Be4 63. Be6 Bc7+ 64. Kh3 f4 65. Kg4 f3 66. Kxg5
f2 67. Bh3 Ke2 0-1

[Event "Laval op"]
[Site "Laval CAN"]
[Date "2016.06.25"]
[Round "4.1"]
[White "Tanaka, Tyler"]
[Black "Oussedik, Elias"]
[Result "0-1"]
[WhiteElo "1483"]
[BlackElo "2218"]
[PlyCount "90"]
[EventDate "2016.06.23"]
[EventType "swiss"]
[EventRounds "7"]
[EventCountry "CAN"]

1. e4 e6 2. d4 d5 3. e5 c5 4. c3 Nc6 5. Nf3 Nh6 6. a3 f6 7. Bxh6 gxh6 8. b4
cxd4 9. cxd4 Bg7 10. Bd3 fxe5 11. dxe5 O-O 12. Qc2 Nxe5 13. Nxe5 Bxe5 14. Bxh7+
Kh8 15. Ra2 Bd7 16. Bd3 Rc8 17. Qd2 Qf6 18. O-O Rg8 19. Re1 Bd4 20. Bf1 e5 21.
Rc2 Rxc2 22. Qxc2 Rf8 23. Re2 Bf5 24. Qc1 Bxb1 25. Qxb1 Bxf2+ 26. Kh1 Bd4 27.
Re1 Qf2 28. Bb5 Rg8 29. Re2 Qf4 30. Ra2 Rf8 31. h3 e4 32. Rc2 Be5 33. Qg1 d4
34. Rc1 d3 35. Rd1 Qg3 36. Rb1 Kg7 37. Rd1 h5 38. Rb1 Rf2 39. Rd1 Rc2 40. Ba4
Rb2 41. Be8 Kh6 42. Bb5 Ra2 43. a4 a6 44. Bd7 e3 45. Be6 e2 0-1

[Event "Laval op"]
[Site "Laval CAN"]
[Date "2016.06.25"]
[Round "4.2"]
[White "Larochelle, Martial"]
[Black "Huang, Qiuyu"]
[Result "1-0"]
[WhiteElo "2112"]
[BlackElo "1964"]
[PlyCount "81"]
[EventDate "2016.06.23"]
[EventType "swiss"]
[EventRounds "7"]
[EventCountry "CAN"]

1. d4 d5 2. c4 e6 3. Nc3 Nf6 4. cxd5 exd5 5. Bg5 Nbd7 6. e3 Bb4 7. Bd3 h6 8.
Bh4 c5 9. dxc5 Qa5 10. Nge2 Bxc3+ 11. Nxc3 Qxc5 12. O-O a6 13. Rc1 Qd6 14. Bc4
Nb6 15. Bxf6 Qxf6 16. Nxd5 Nxd5 17. Bxd5 O-O 18. Qb3 Be6 19. e4 Bxd5 20. exd5
Qe7 21. Rfd1 Rad8 22. g3 Rfe8 23. Rc3 Rd7 24. Re3 Qd8 25. Rxe8+ Qxe8 26. d6 Qe6
27. Qxe6 fxe6 28. Kg2 Kf7 29. Kf3 e5 30. Ke4 Ke6 31. Rd5 Kf6 32. h4 g6 33. b3
b6 34. b4 a5 35. bxa5 bxa5 36. a4 h5 37. f3 Ke6 38. Rxe5+ Kxd6 39. Rd5+ Ke6 40.
Rxd7 Kxd7 41. Kd5 1-0

[Event "Laval op"]
[Site "Laval CAN"]
[Date "2016.06.25"]
[Round "4.3"]
[White "Turcotte, Jonathan"]
[Black "Libersan, Thierry"]
[Result "0-1"]
[WhiteElo "1975"]
[BlackElo "2043"]
[PlyCount "134"]
[EventDate "2016.06.23"]
[EventType "swiss"]
[EventRounds "7"]
[EventCountry "CAN"]

1. d4 d5 2. Nf3 e6 3. c4 c6 4. Nc3 f5 5. Bf4 Nf6 6. e3 Be7 7. Bd3 O-O 8. Qc2
Ne4 9. g4 Na6 10. a3 Qa5 11. Ke2 c5 12. gxf5 Nxc3+ 13. bxc3 dxc4 14. Bxc4 cxd4
15. cxd4 Qxf5 16. Qxf5 Rxf5 17. Rhg1 Bf6 18. Rac1 Ra5 19. Rc3 Bd7 20. Rb1 Nc5
21. Rcc1 b5 22. Bb3 Nxb3 23. Rxb3 Rc8 24. Rxc8+ Bxc8 25. Bc7 Ra4 26. Bd6 Bb7
27. Nd2 Bd8 28. Bc5 a6 29. e4 Ba5 30. f3 Kf7 31. Nf1 Rc4 32. Kd1 Rc3 33. Rxc3
Bxc3 34. Kc2 Ba5 35. Kd3 Bc7 36. h3 g5 37. Ne3 a5 38. d5 exd5 39. exd5 Bc8 40.
Ng4 h5 41. Nf2 Bh2 42. Ne4 Bf5 43. Be3 Bd6 44. Bxg5 Bxa3 45. Bd2 a4 46. Bc3 Be7
47. Kd4 b4 48. Ba1 Bxh3 49. d6 Bd8 50. Kc4 b3 51. Kb4 Bd7 52. Nc5 Bc6 53. Nxa4
Bf6 54. Nc5 Bxa1 55. Kxb3 h4 56. Nd3 h3 57. Nf2 h2 58. d7 Ke7 59. Kc4 Bxf3 60.
Kd3 Kxd7 61. Ke3 Bd5 62. Kf4 Kd6 63. Kg3 Be5+ 64. Kh3 h1=Q+ 65. Nxh1 Bxh1 66.
Kg4 Be4 67. Kg5 Ke6 0-1

[Event "Laval op"]
[Site "Laval CAN"]
[Date "2016.06.25"]
[Round "4.4"]
[White "Eshleman, Brandon"]
[Black "Jacquet, Stephane"]
[Result "1-0"]
[WhiteElo "2043"]
[BlackElo "1969"]
[PlyCount "139"]
[EventDate "2016.06.23"]
[EventType "swiss"]
[EventRounds "7"]
[EventCountry "CAN"]

1. e4 d6 2. d4 Nf6 3. Nc3 g6 4. Be2 Bg7 5. Be3 O-O 6. f3 c6 7. Qd2 b5 8. a3
Nbd7 9. g4 Nb6 10. h4 h5 11. Bh6 Nc4 12. Bxc4 bxc4 13. Bxg7 Kxg7 14. gxh5 Nxh5
15. O-O-O Rb8 16. Re1 e5 17. Nge2 Qf6 18. Qg5 Qxg5+ 19. hxg5 Be6 20. Rd1 Nf4
21. dxe5 dxe5 22. Nxf4 exf4 23. Rd6 Rb6 24. Na4 Rb5 25. Rg1 Rh8 26. Rxc6 Rh3
27. Nc5 Rxf3 28. Nxe6+ fxe6 29. Rxe6 Rg3 30. Rf1 Rbxg5 31. Rxf4 c3 32. bxc3
Rxc3 33. Re7+ Kg8 34. Kb2 Rgc5 35. Rf2 Rc7 36. Re8+ Kg7 37. e5 R3c5 38. e6 Rf5
39. Rxf5 gxf5 40. e7 Kf7 41. Rf8+ Kxe7 42. Rxf5 Kd6 43. Rf3 Rb7+ 44. Rb3 Rh7
45. Rb4 Kc6 46. Kb3 Rh3+ 47. c3 Rg3 48. Rh4 Kb5 49. Rh5+ Kb6 50. Kb4 Rg4+ 51.
Kb3 Rg3 52. a4 Rf3 53. a5+ Kb7 54. Kb4 Rf6 55. c4 Rf1 56. Rh6 Rf5 57. a6+ Kb8
58. Rh8+ Kc7 59. Rh7+ Kb8 60. c5 Rf6 61. Kb5 Rg6 62. Rb7+ Ka8 63. Rd7 Kb8 64.
Rd8+ Kc7 65. Ra8 Rh6 66. Rxa7+ Kb8 67. Rg7 Rf6 68. c6 Rf1 69. c7+ Kc8 70. a7
1-0

[Event "Laval op"]
[Site "Laval CAN"]
[Date "2016.06.25"]
[Round "4.5"]
[White "Lopez Linares, Lizandro"]
[Black "Trahan, Daniel"]
[Result "1-0"]
[WhiteElo "1984"]
[BlackElo "1962"]
[PlyCount "51"]
[EventDate "2016.06.23"]
[EventType "swiss"]
[EventRounds "7"]
[EventCountry "CAN"]

1. d4 Nf6 2. Nf3 e6 3. Bg5 c5 4. e3 Qb6 5. Nbd2 d5 6. Bxf6 gxf6 7. dxc5 Qxb2 8.
c4 Bxc5 9. cxd5 exd5 10. Bd3 Nc6 11. O-O Bg4 12. Rb1 Qxa2 13. Rxb7 O-O 14. Bb1
Qa3 15. Qc2 f5 16. Rb5 Bb4 17. Qxc6 Bxd2 18. Nxd2 Be2 19. Rb3 Qa5 20. Qc2 Bxf1
21. Qxf5 Kg7 22. Qxh7+ Kf6 23. Qh6+ Ke7 24. Rb7+ Ke8 25. Qc6+ Kd8 26. Qd7# 1-0

[Event "Laval op"]
[Site "Laval CAN"]
[Date "2016.06.25"]
[Round "4.6"]
[White "Saha, Ananda"]
[Black "Lepine, Cedric"]
[Result "0-1"]
[WhiteElo "1845"]
[BlackElo "2030"]
[PlyCount "56"]
[EventDate "2016.06.23"]
[EventType "swiss"]
[EventRounds "7"]
[EventCountry "CAN"]

1. d4 Nf6 2. c4 e6 3. Nf3 b6 4. g3 Ba6 5. Qc2 Be7 6. Nbd2 d5 7. e3 O-O 8. b3 c5
9. Bb2 Nc6 10. a3 Rc8 11. dxc5 bxc5 12. Bd3 Bb7 13. O-O h6 14. Rfd1 Nd7 15.
cxd5 exd5 16. Bh7+ Kh8 17. Bf5 Qc7 18. Nc4 Rcd8 19. Rxd5 Nd4 20. Rxd4 cxd4 21.
Nxd4 Bf6 22. f4 Nc5 23. Rd1 Bxd4 24. exd4 Qc6 25. Ne3 Qh1+ 26. Kf2 Qxh2+ 27.
Ke1 Qxg3+ 28. Kd2 Qf2+ 0-1

[Event "Laval op"]
[Site "Laval CAN"]
[Date "2016.06.25"]
[Round "4.7"]
[White "Steinberg, Ellis"]
[Black "Chipanga, Takaedza"]
[Result "0-1"]
[WhiteElo "1581"]
[BlackElo "2125"]
[PlyCount "79"]
[EventDate "2016.06.23"]
[EventType "swiss"]
[EventRounds "7"]
[EventCountry "CAN"]

1. e4 e5 2. Nf3 Nc6 3. Bb5 a6 4. Ba4 Nf6 5. O-O Be7 6. Re1 b5 7. Bb3 d6 8. c3
O-O 9. h3 Bb7 10. d4 Re8 11. Ng5 Rf8 12. Nf3 h6 13. Nbd2 Re8 14. Nf1 Bf8 15.
Ng3 Na5 16. Bc2 g6 17. Nh2 Bg7 18. d5 c6 19. Ng4 Nxg4 20. hxg4 cxd5 21. exd5
Nc4 22. Be4 Qh4 23. Qf3 Bc8 24. g5 hxg5 25. Qd3 f5 26. Bxf5 gxf5 27. Nxf5 Qh7
28. g4 Bxf5 29. gxf5 Rf8 30. b3 Nb6 31. Bxg5 Rxf5 32. Qg3 Qh5 33. f4 exf4 34.
Bxf4 Nxd5 35. Bd2 Rf3 36. Qg5 Qxg5+ 37. Bxg5 Rg3+ 38. Kf2 Rxg5 39. Re6 Rf8+ 40.
Ke2 0-1

[Event "Laval op"]
[Site "Laval CAN"]
[Date "2016.06.25"]
[Round "4.8"]
[White "Soudre, Nicolas"]
[Black "Durette, Francis"]
[Result "1-0"]
[WhiteElo "2084"]
[BlackElo "1897"]
[PlyCount "67"]
[EventDate "2016.06.23"]
[EventType "swiss"]
[EventRounds "7"]
[EventCountry "CAN"]

1. e4 e5 2. f4 exf4 3. Nf3 g5 4. h4 g4 5. Ng5 h6 6. Nxf7 Kxf7 7. d4 d6 8. Bc4+
Kg7 9. Bxf4 Nf6 10. Nc3 Nc6 11. O-O Be7 12. Qd3 Na5 13. e5 dxe5 14. Bxe5 Nxc4
15. Qxc4 c6 16. Ne4 Rf8 17. Nxf6 Bxf6 18. Rxf6 Rxf6 19. Rf1 Qd5 20. Qxd5 cxd5
21. Rxf6 Kh7 22. h5 Kg7 23. Rg6+ Kf7 24. Rxh6 Bd7 25. Rf6+ Kg8 26. Rg6+ Kf7 27.
Rg7+ Ke6 28. h6 Bc6 29. h7 Rh8 30. Rg6+ Kf5 31. Rf6+ Kg5 32. Rf7 Kg6 33. Bxh8
Kxf7 34. Be5 1-0

[Event "Laval op"]
[Site "Laval CAN"]
[Date "2016.06.25"]
[Round "4.9"]
[White "Have, Didier"]
[Black "Lavergne, Daniel"]
[Result "1-0"]
[WhiteElo "1974"]
[BlackElo "1818"]
[PlyCount "63"]
[EventDate "2016.06.23"]
[EventType "swiss"]
[EventRounds "7"]
[EventCountry "CAN"]

1. e4 e5 2. Nc3 Nf6 3. Bc4 Nxe4 4. Qh5 Nd6 5. Bb3 Nc6 6. Nb5 g6 7. Qf3 f5 8.
Qd5 Qf6 9. Nxc7+ Kd8 10. Nxa8 b6 11. d3 Bb7 12. Qf3 Nd4 13. Qh3 Bxa8 14. c3 Ne6
15. Bxe6 Qxe6 16. Bg5+ Kc7 17. Nf3 Bg7 18. Bh6 Bf6 19. O-O Nf7 20. d4 Bxf3 21.
gxf3 f4 22. Qxe6 dxe6 23. dxe5 Bxe5 24. Rfe1 Bd6 25. Bg7 Re8 26. h4 b5 27. Bd4
e5 28. c4 Ra8 29. c5 exd4 30. cxd6+ Kxd6 31. Re4 Kc5 32. Rc1+ 1-0

[Event "Laval op"]
[Site "Laval CAN"]
[Date "2016.06.25"]
[Round "4.10"]
[White "Johnson-Constantin, Matthieu"]
[Black "Morin, Louis"]
[Result "1/2-1/2"]
[WhiteElo "1869"]
[BlackElo "1894"]
[PlyCount "75"]
[EventDate "2016.06.23"]
[EventType "swiss"]
[EventRounds "7"]
[EventCountry "CAN"]

1. Nf3 d5 2. d4 e6 3. Bf4 Bd6 4. Bg3 Nf6 5. Nbd2 O-O 6. e3 b6 7. Rc1 Ba6 8.
Bxa6 Nxa6 9. Qe2 Bxg3 10. hxg3 Nb4 11. a3 Nc6 12. c4 Ne7 13. c5 Ng6 14. O-O Ne4
15. Nxe4 dxe4 16. Nd2 f5 17. cxb6 cxb6 18. Rc6 Rc8 19. Rfc1 Qd7 20. Rxc8 Rxc8
21. Rxc8+ Qxc8 22. Qc4 Qxc4 23. Nxc4 Ne7 24. Ne5 Kf8 25. Kf1 Ke8 26. Ke2 Kd8
27. f3 Kc7 28. g4 Kd6 29. gxf5 exf5 30. fxe4 fxe4 31. Nc4+ Kd5 32. Nd2 Nf5 33.
b3 h5 34. Nb1 Ng3+ 35. Kf2 h4 36. Nc3+ Kc6 37. a4 a6 38. b4 1/2-1/2

[Event "Laval op"]
[Site "Laval CAN"]
[Date "2016.06.25"]
[Round "4.11"]
[White "Langlois-Remillard, Alexis"]
[Black "Mathieu, Guillaume"]
[Result "0-1"]
[WhiteElo "1797"]
[BlackElo "2037"]
[PlyCount "54"]
[EventDate "2016.06.23"]
[EventType "swiss"]
[EventRounds "7"]
[EventCountry "CAN"]

1. b3 c5 2. Bb2 Nc6 3. e3 d6 4. c4 e5 5. Nc3 g6 6. Nf3 Bg7 7. Be2 e4 8. Ng1
Nge7 9. a3 O-O 10. Qc2 f5 11. h4 Be6 12. Nh3 h6 13. Nf4 Bf7 14. f3 Be5 15. fxe4
Bxf4 16. exf4 Nd4 17. Qd1 fxe4 18. g4 d5 19. cxd5 Bxd5 20. Nxd5 Nxd5 21. f5 Qd6
22. Rg1 Qh2 23. Kf1 Nxf5 24. Rg2 Ng3+ 25. Ke1 Qh1+ 26. Rg1 Qxg1+ 27. Bf1 Qxf1#
0-1

[Event "Laval op"]
[Site "Laval CAN"]
[Date "2016.06.25"]
[Round "4.12"]
[White "Gauthier, Luc"]
[Black "Johnson, Nicholas"]
[Result "0-1"]
[WhiteElo "1805"]
[BlackElo "1992"]
[PlyCount "48"]
[EventDate "2016.06.23"]
[EventType "swiss"]
[EventRounds "7"]
[EventCountry "CAN"]

1. e4 e6 2. d4 d5 3. e5 c5 4. c3 Nc6 5. Nf3 Bd7 6. Be2 Nge7 7. Na3 Ng6 8. h4
cxd4 9. h5 Ngxe5 10. Nxe5 Nxe5 11. cxd4 Nc6 12. Nc2 Bd6 13. Be3 Rc8 14. a3 Na5
15. Bd3 Nc4 16. Rb1 Qf6 17. Qe2 Nxe3 18. Qxe3 g5 19. hxg6 hxg6 20. Rxh8+ Qxh8
21. Nb4 Qh5 22. Rc1 Rxc1+ 23. Qxc1 Qg4 24. Qe3 Qxg2 0-1

[Event "Laval op"]
[Site "Laval CAN"]
[Date "2016.06.25"]
[Round "4.13"]
[White "Chevalier, Francois"]
[Black "Gauthier, Denis"]
[Result "1/2-1/2"]
[WhiteElo "1768"]
[BlackElo "1849"]
[PlyCount "252"]
[EventDate "2016.06.23"]
[EventType "swiss"]
[EventRounds "7"]
[EventCountry "CAN"]

1. d4 Nf6 2. Nf3 e6 3. e3 c5 4. Bd3 d5 5. b3 Nc6 6. O-O Bd6 7. Bb2 O-O 8. Ne5
cxd4 9. exd4 Qc7 10. f4 Nb4 11. Nc3 Nxd3 12. Qxd3 a6 13. a4 Qe7 14. Rf3 Nd7 15.
Re1 f5 16. Nxd7 Qxd7 17. g3 Qc7 18. Re2 Bd7 19. Nb1 b5 20. Nc3 Rfb8 21. axb5
axb5 22. Re1 Bb4 23. Ra1 Rxa1+ 24. Bxa1 Qa5 25. Bb2 Rc8 26. Re3 Bxc3 27. Bxc3
b4 28. Be1 Qa2 29. Re2 Rb8 30. Qd1 Qa5 31. Kg2 Qb6 32. Bf2 Ra8 33. Qe1 Qb5 34.
Qd1 h6 35. Qe1 Kh7 36. Qd1 Ra3 37. Qe1 Qb7 38. Re5 Ra2 39. Re2 Ra3 40. Re5 Qb5
41. Re2 Ra6 42. Re5 Rc6 43. Qd2 Qb7 44. Qd1 Qc7 45. Re2 Be8 46. Rd2 Rc3 47. Qe2
Bf7 48. Qd1 Qa5 49. Be1 Qb5 50. Rf2 Rc6 51. Qd2 Rb6 52. Re2 Bh5 53. Re5 Qc6 54.
Bf2 Qb7 55. Qe3 Qc8 56. Qd2 Rc6 57. Qxb4 Rxc2 58. Qe1 Rc1 59. Qd2 Rd1 60. Qe3
Qa6 61. Be1 Rd3 62. Qf2 Rxb3 63. Re3 Rb1 64. Qc2 Qa1 65. Qc3 Rb2+ 66. Bf2 Qa2
67. Qe1 Bf7 68. Re5 Qc4 69. Qd1 Rc2 70. Re1 Qc3 71. Re3 Qb2 72. Qe1 Qxd4 73.
Re2 Qb2 74. Rxc2 Qxc2 75. Qe5 Qe4+ 76. Qxe4 fxe4 77. Bd4 Bh5 78. h4 Bg4 79. Kf2
Kg6 80. Be5 Kf7 81. Ke3 g6 82. Kd4 Ke8 83. Bg7 h5 84. Be5 Kd7 85. Ke3 Kc6 86.
Bd4 Kb5 87. Be5 Kc4 88. Bd4 Kb3 89. Kd2 Bf3 90. Be5 Bg2 91. Bd4 Kc4 92. Ke3 Bf3
93. Be5 Bg4 94. Bd4 Kb3 95. Kd2 Ka2 96. Be5 Kb1 97. Bd4 Bf5 98. Be5 e3+ 99.
Kxe3 Kc2 100. Bd4 Kd1 101. Bc3 Bg4 102. Kf2 Kc2 103. Be5 Kd3 104. Bf6 d4 105.
Bg7 Ke4 106. Bf6 Kd5 107. Ke1 d3 108. Kd2 Ke4 109. Bg5 Bf5 110. Bf6 Kf3 111.
Bg5 Kxg3 112. Ke3 Kg2 113. Bf6 Kf1 114. Bc3 Kg2 115. Bf6 Kg1 116. Bc3 Kf1 117.
Bd2 Kg2 118. Be1 Kh3 119. Kd2 Kg4 120. Ke3 d2 121. Kxd2 Kxf4 122. Ke2 e5 123.
Bd2+ Kg4 124. Bg5 Kg3 125. Ke3 Bc2 126. Bf6 e4 1/2-1/2

[Event "Laval op"]
[Site "Laval CAN"]
[Date "2016.06.25"]
[Round "4.15"]
[White "Pomerantz, Daniel"]
[Black "Beaulieu, Pierre"]
[Result "1-0"]
[WhiteElo "1933"]
[BlackElo "1781"]
[PlyCount "39"]
[EventDate "2016.06.23"]
[EventType "swiss"]
[EventRounds "7"]
[EventCountry "CAN"]

1. e4 g6 2. d4 Bg7 3. Nf3 d6 4. Nc3 a6 5. Be3 b5 6. a4 b4 7. Nd5 a5 8. Bc4 Bb7
9. Ng5 Nh6 10. c3 O-O 11. cxb4 c6 12. Nf4 d5 13. exd5 cxd5 14. Qf3 e5 15. Nxd5
exd4 16. Bd2 Nc6 17. Ne4 Nf5 18. Bg5 Qb8 19. Ndf6+ Kh8 20. Qh3 1-0

[Event "Laval op"]
[Site "Laval CAN"]
[Date "2016.06.25"]
[Round "4.16"]
[White "Lafleche, Alain"]
[Black "Lesage, Philippe"]
[Result "1/2-1/2"]
[WhiteElo "1719"]
[BlackElo "1802"]
[PlyCount "121"]
[EventDate "2016.06.23"]
[EventType "swiss"]
[EventRounds "7"]
[EventCountry "CAN"]

1. e4 c5 2. Nf3 g6 3. d4 cxd4 4. Nxd4 Nc6 5. Nc3 Bg7 6. Be3 Nf6 7. Bc4 Qa5 8.
Nb3 Qb4 9. Bd3 Nxe4 10. O-O Nxc3 11. bxc3 Qxc3 12. f4 d6 13. f5 Bxf5 14. Bd2
Qe5 15. Qf3 O-O 16. Rae1 Qf6 17. Bxf5 Qxf5 18. Qd1 Qd5 19. Rf3 Ne5 20. Rh3 Rac8
21. Qc1 f5 22. Qb1 Rc4 23. Bg5 Rg4 24. Rg3 Rxg3 25. hxg3 Bf6 26. Be3 Ng4 27.
Bxa7 Ra8 28. Bb6 Qc6 29. Nd4 Bxd4+ 30. Bxd4 e5 31. Qb3+ Kg7 32. Bb2 Rc8 33. Qe6
Re8 34. Qb3 Qc5+ 35. Kh1 Re7 36. Ba3 Qc6 37. c4 Nf2+ 38. Kh2 Ne4 39. Bc1 Qc5
40. Be3 Qc6 41. Rc1 Nc5 42. Qc3 Qe4 43. Bxc5 dxc5 44. Re1 Qd4 45. Qb3 Rd7 46.
Qb5 e4 47. a4 e3 48. Rxe3 f4 49. Rf3 fxg3+ 50. Kxg3 Qe5+ 51. Kh3 Rd1 52. Qxb7+
Kh6 53. g3 Qh5+ 54. Kg2 Qh1+ 55. Kf2 Qe1+ 56. Kg2 Qh1+ 57. Kf2 Qf1+ 58. Ke3
Qd3+ 59. Kf2 Rd2+ 60. Kg1 Rd1+ 61. Kg2 1/2-1/2

[Event "Laval op"]
[Site "Laval CAN"]
[Date "2016.06.25"]
[Round "5.1"]
[White "Oussedik, Elias"]
[Black "Larochelle, Martial"]
[Result "0-1"]
[WhiteElo "2218"]
[BlackElo "2112"]
[PlyCount "84"]
[EventDate "2016.06.23"]
[EventType "swiss"]
[EventRounds "7"]
[EventCountry "CAN"]

1. d4 d5 2. c4 dxc4 3. Nf3 Nf6 4. e3 Bg4 5. Bxc4 e6 6. O-O Nc6 7. Nbd2 a6 8. a3
Bd6 9. b4 O-O 10. Bb2 Qe7 11. Rc1 Rad8 12. Qb3 Ra8 13. Ne5 Bxe5 14. dxe5 Nd7
15. f4 Rfd8 16. Ne4 a5 17. b5 a4 18. Qc3 Na5 19. Ba2 Be2 20. Rf2 Bxb5 21. f5
Bc6 22. f6 Qf8 23. Ng5 Nb3 24. Bxb3 axb3 25. Qxb3 Bd5 26. Qc2 g6 27. e4 Bc6 28.
Qb3 Nc5 29. Qc4 Nd3 30. Nxe6 Nxb2 31. Rxb2 fxe6 32. Qxe6+ Qf7 33. Qg4 Ra5 34.
e6 Qxf6 35. Rf2 Qe5 36. Rcf1 Re8 37. Rf4 Rxa3 38. Qh4 Qd4+ 39. Kh1 Ra1 40. e7
Rxf1+ 41. Rxf1 Qxe4 42. Qf2 Qxg2+ 0-1

[Event "Laval op"]
[Site "Laval CAN"]
[Date "2016.06.25"]
[Round "5.2"]
[White "Libersan, Thierry"]
[Black "Eshleman, Brandon"]
[Result "1-0"]
[WhiteElo "2043"]
[BlackElo "2043"]
[PlyCount "51"]
[EventDate "2016.06.23"]
[EventType "swiss"]
[EventRounds "7"]
[EventCountry "CAN"]

1. e4 e5 2. Nf3 Nc6 3. Bb5 a6 4. Ba4 Nf6 5. O-O b5 6. Bb3 Be7 7. Re1 O-O 8. h3
d6 9. c3 Na5 10. Bc2 c5 11. d4 cxd4 12. cxd4 Nc6 13. Nbd2 Bb7 14. b3 Rc8 15.
Bb2 Qb6 16. dxe5 dxe5 17. Rc1 Rfd8 18. Qe2 Nd4 19. Nxd4 exd4 20. Qd3 Rc3 21.
Bxc3 dxc3 22. Qxc3 b4 23. Nc4 bxc3 24. Nxb6 Rd2 25. Nc4 Bc5 26. Rf1 1-0

[Event "Laval op"]
[Site "Laval CAN"]
[Date "2016.06.25"]
[Round "5.3"]
[White "Chipanga, Takaedza"]
[Black "Have, Didier"]
[Result "1-0"]
[WhiteElo "2125"]
[BlackElo "1974"]
[PlyCount "103"]
[EventDate "2016.06.23"]
[EventType "swiss"]
[EventRounds "7"]
[EventCountry "CAN"]

1. d4 Nf6 2. c4 g6 3. Nc3 Bg7 4. e4 d6 5. f3 O-O 6. Be3 c5 7. dxc5 dxc5 8. Qxd8
Rxd8 9. Bxc5 Nc6 10. Nd5 Nd7 11. Bxe7 Nxe7 12. Nxe7+ Kf8 13. Nd5 Bxb2 14. Rb1
Bg7 15. Nh3 Nc5 16. Nf2 b6 17. Be2 Be6 18. O-O Rac8 19. Rbc1 Na4 20. Bd3 Bd4
21. g4 Nb2 22. Be2 b5 23. cxb5 Bxd5 24. exd5 Be3 25. Rc6 Rb8 26. Rb1 Bd4 27.
Rc2 Na4 28. Rb4 Bxf2+ 29. Kxf2 Nb6 30. Rd2 Rxd5 31. Rbd4 Rbd8 32. Rxd5 Rxd5 33.
Rxd5 Nxd5 34. a4 Ke7 35. a5 f6 36. Bc4 Kd6 37. Kg3 g5 38. Kf2 Nf4 39. Ke3 Kc5
40. Bf1 Nd5+ 41. Ke4 Ne7 42. Bd3 Kd6 43. Kd4 h6 44. Be4 Nc8 45. Bb7 Ne7 46. Be4
Nc8 47. Kc4 Kc7 48. Kc5 Kb8 49. Kc6 Ne7+ 50. Kd7 Nc8 51. h3 a6 52. b6 1-0

[Event "Laval op"]
[Site "Laval CAN"]
[Date "2016.06.25"]
[Round "5.4"]
[White "Huang, Qiuyu"]
[Black "Soudre, Nicolas"]
[Result "1/2-1/2"]
[WhiteElo "1964"]
[BlackElo "2084"]
[PlyCount "90"]
[EventDate "2016.06.23"]
[EventType "swiss"]
[EventRounds "7"]
[EventCountry "CAN"]

1. e4 e6 2. d4 d5 3. exd5 exd5 4. Bd3 Bd6 5. Ne2 Ne7 6. O-O O-O 7. c3 Nd7 8.
Bf4 Nf6 9. Bxd6 Qxd6 10. Ng3 Ng6 11. Bxg6 hxg6 12. Nd2 Bg4 13. f3 Bd7 14. Qb3
b6 15. Rad1 Rfe8 16. Rfe1 Qf4 17. Ndf1 c6 18. Nh1 c5 19. Nf2 c4 20. Qa3 a5 21.
b3 b5 22. bxc4 bxc4 23. Rxe8+ Bxe8 24. Re1 Bd7 25. Re5 Be6 26. g3 Qh6 27. f4
Nd7 28. Re1 g5 29. fxg5 Qxg5 30. Qd6 Qg6 31. Ne3 Nf6 32. Ng2 Qc2 33. Qa3 Rb8
34. Nf4 Rb2 35. Re2 Qb1+ 36. Kg2 Rxe2 37. Nxe2 Qc2 38. Kf3 Bf5 39. Qxa5 Be4+
40. Ke3 Bd3 41. Nf4 Be4 42. Ne2 Bd3 43. Nf4 Qc1+ 44. Kf3 Be4+ 45. Ke2 Qc2+
1/2-1/2

[Event "Laval op"]
[Site "Laval CAN"]
[Date "2016.06.25"]
[Round "5.6"]
[White "Mathieu, Guillaume"]
[Black "Tanaka, Tyler"]
[Result "1/2-1/2"]
[WhiteElo "2037"]
[BlackElo "1483"]
[PlyCount "89"]
[EventDate "2016.06.23"]
[EventType "swiss"]
[EventRounds "7"]
[EventCountry "CAN"]

1. e4 c5 2. c4 Nc6 3. Nc3 g6 4. g3 Bg7 5. Bg2 d6 6. Nge2 e6 7. O-O Nge7 8. a3
O-O 9. Rb1 Nd4 10. b4 a6 11. d3 Qc7 12. Nxd4 Bxd4 13. Ne2 Bg7 14. f4 Rd8 15.
Bb2 d5 16. Bxg7 Kxg7 17. cxd5 exd5 18. Qc2 b6 19. Rfc1 Bg4 20. Qb2+ Kg8 21. Nc3
d4 22. Nd5 Nxd5 23. exd5 Qd6 24. bxc5 bxc5 25. Qb6 Rac8 26. Qxd6 Rxd6 27. Kf2
Bf5 28. Be4 Bxe4 29. dxe4 f5 30. e5 Rxd5 31. Rc4 Rc6 32. Ke2 h6 33. Rb8+ Kf7
34. Rb7+ Kf8 35. Kd3 Ke8 36. a4 Rd7 37. Rb8+ Ke7 38. h3 Ke6 39. g4 Kd5 40. gxf5
gxf5 41. Rf8 Rg6 42. e6 Kxe6 43. Rxc5 Rg3+ 44. Kd2 Rg2+ 45. Kd3 1/2-1/2

[Event "Laval op"]
[Site "Laval CAN"]
[Date "2016.06.25"]
[Round "5.7"]
[White "Agnaieff, Vladimir"]
[Black "Johnson, Nicholas"]
[Result "0-1"]
[WhiteElo "1830"]
[BlackElo "1992"]
[PlyCount "86"]
[EventDate "2016.06.23"]
[EventType "swiss"]
[EventRounds "7"]
[EventCountry "CAN"]

1. d4 e6 2. Nf3 f5 3. Nc3 Nf6 4. Bg5 d5 5. e3 Be7 6. Bxf6 Bxf6 7. Be2 b6 8. b4
Nd7 9. Bb5 Bb7 10. Rb1 c6 11. Bd3 O-O 12. Ne2 g6 13. c4 e5 14. dxe5 Nxe5 15.
Nxe5 Bxe5 16. h4 Kg7 17. h5 dxc4 18. Bxc4 Qxd1+ 19. Rxd1 Rad8 20. hxg6 hxg6 21.
f3 Rxd1+ 22. Kxd1 Rd8+ 23. Kc2 c5 24. bxc5 bxc5 25. Rb1 Bc6 26. Nc3 Kf6 27. Rh1
Kg7 28. Re1 Rh8 29. Re2 Rh2 30. e4 f4 31. Rd2 g5 32. Nb5 a5 33. Nc3 Bd4 34. Bd5
Bd7 35. Kd3 Kf6 36. Rb2 Bh3 37. Rb6+ Ke5 38. gxh3 c4+ 39. Kxc4 Bxb6 40. Kb5 Bd8
41. Na4 Rxh3 42. Nb6 Bxb6 43. Kxb6 Rxf3 0-1

[Event "Laval op"]
[Site "Laval CAN"]
[Date "2016.06.25"]
[Round "5.8"]
[White "Jacquet, Stephane"]
[Black "Morin, Louis"]
[Result "1/2-1/2"]
[WhiteElo "1969"]
[BlackElo "1895"]
[PlyCount "77"]
[EventDate "2016.06.23"]
[EventType "swiss"]
[EventRounds "7"]
[EventCountry "CAN"]

1. d4 d5 2. c4 e6 3. Nc3 Nf6 4. cxd5 exd5 5. Bg5 Nbd7 6. e3 Be7 7. Bd3 O-O 8.
Nf3 Re8 9. O-O Nf8 10. Qc2 g6 11. Rfc1 Ne6 12. Bh4 a6 13. Na4 Nh5 14. Bg3 Nxg3
15. hxg3 Bd6 16. Nc5 Ng7 17. b4 b6 18. Nb3 Bf5 19. Bxf5 Nxf5 20. Ne5 f6 21. Nc6
Qd7 22. a4 Qe6 23. Qd3 Nxg3 24. fxg3 Qxe3+ 25. Qxe3 Rxe3 26. Nd2 Rxg3 27. Nf3
Re8 28. Re1 Re4 29. a5 Reg4 30. axb6 cxb6 31. Re6 Rxg2+ 32. Kf1 Bh2 33. Rxa6
Bg1 34. Ra8+ Kg7 35. Ra7+ Kh6 36. Rxf6 Rf2+ 37. Ke1 Re4+ 38. Kd1 Rf1+ 39. Kd2
1/2-1/2

[Event "Laval op"]
[Site "Laval CAN"]
[Date "2016.06.25"]
[Round "5.9"]
[White "Trahan, Daniel"]
[Black "Saha, Ananda"]
[Result "1/2-1/2"]
[WhiteElo "1962"]
[BlackElo "1845"]
[PlyCount "68"]
[EventDate "2016.06.23"]
[EventType "swiss"]
[EventRounds "7"]
[EventCountry "CAN"]

1. d4 d5 2. c4 e6 3. Nc3 Nf6 4. cxd5 exd5 5. Bg5 Be7 6. e3 h6 7. Bh4 O-O 8. Bd3
b6 9. Nf3 Bb7 10. O-O Nbd7 11. Rc1 c5 12. Bb1 Ne4 13. Bxe7 Qxe7 14. dxc5 Nxc3
15. Rxc3 bxc5 16. Qc2 g6 17. Rd1 Rac8 18. Qa4 Rc7 19. Qf4 Rfc8 20. Qxh6 Nb6 21.
Qf4 d4 22. Rcd3 Ba6 23. Ra3 Be2 24. Re1 Bxf3 25. gxf3 Nc4 26. Rb3 Nd2 27. Rd3
Qg5+ 28. Qxg5 Nxf3+ 29. Kg2 Nxg5 30. exd4 Ne6 31. Rxe6 fxe6 32. dxc5 Rxc5 33.
Rg3 Kf7 34. Bxg6+ Kf6 1/2-1/2